LEADER 01179nam a2200229 i 4500 001 000000038236 003 CaOOAMICUS 005 20081024000000.0 008 081024s1971 xx u000 u fre u 013 $a8655 040 $aSeMil$bita 245 10$a[Histoire de ma vie (4. partie :$bchapitres 8-15 ; 5. partie) ; Lettres d'un voyageur ; Un hiver à Majorque ; Journal intime destiné à Musset ...]. 300 $a1638 p. 490 0 $aBibliothèque de la pléiade ;$v227 500 $aContiene : Notice Bibliographique. 700 1 $aSand, George,$d<1804-1876>.$0(OLS)http://semarc/name/3174 773 0 $aSand, George <1804-1876>$tOeuvres autobiographiques.$d[Paris] : Gallimard, copyr. 1970-copyr. 1971.$kBibliothèque de la Pléiade$g2$w()20175 830 0$aBibliothèque de la Pléiade ;$v227.$0(OLS)http://semarc/title/42418 850 $aSeMil 852 $aSeMil$W1$xVenegono$y1$m1W V 208$j4391$B4391$CSeMilBibl$Z2$F4391 $81 961 $aOmaggio: Ciprandi dott. Paolo 996 $6245$a[Histoire de ma vie (4. partie :$bchapitres 8-15 ; 5. partie) ; Lettres d'un voyageur ; Un hiver à Majorque ; Journal intime destiné à Musset ...]$9(OLS)http://semarc/title/53883 LEADER 01296nam a2200265 i 4500 001 000000198379 003 CaOOAMICUS 005 20200131132212.0 008 110301s1981 be u000 u fre u 013 $a177067 020 $a2-8028-0024-8 040 $aSeMil$bita 100 1 $aGérard, Philippe,$d<1951- >.$0(OLS)http://semarc/name/110853 245 10$aDroit, égalite et idéologie :$bcontribution à l'étude critique des principes généraux du droit /$cPhilippe Gérard. 264 1$aBruxelles :$bFacultés universitaires Saint-Louis,$c1981. 300 $a488 p. ;$c23 cm. 490 0 $aPublications des Facultés universitaires Saint-Louis ;$v23 650 4$aDiritto - Fondamenti.$0(OLS)http://semarc/subject/28520 830 0$aPublications des Facultés universitaires Saint-Louis ;$v23.$0(OLS)http://semarc/title/17634 850 $aSeMil 852 $aSeMil$W1$xVenegono$y1$m3L II 213$j148935$B148935$CSeMilBibl$Z2$F160356 $81 996 $6020$a2-8028-0024-8$9(OLS)http://semarc/number/190616 996 $6245$aDroit, égalite et idéologie :$bcontribution à l'étude critique des principes généraux du droit$9(OLS)http://semarc/title/286640 996 $6264$aBruxelles :$bFacultés universitaires Saint-Louis$9(OLS)http://semarc/publisher/33622